000 00748cam a2200253 4500
001 sa 68013797
003 DLC
005 20260227112625.0
008 080328s1967 ii a s 000 0 eng
010 _asa 68013797
025 _aPL480:I-E-10918
040 _aDLC
_cDLC
_dDLC
043 _aa-ii---
050 0 0 _aHE560.M26
_bA45
082 0 0 _a387.1/0954/82
110 2 _aMadras Port Trust Board.
_bPlanning and Research Cell.
245 1 0 _aStatistical hand book.
260 _a[Madras]
_c1967.
300 _aii, 122 p.
_billus.
_c31 cm.
350 _a10.00
500 _a"Issued under the authority of the chairman, Madras Port Trust."
650 0 _aShipping
_zIndia
_zChennai
_vStatistics.
650 0 _aHarbors
_zIndia
_zChennai
_vStatistics.
999 _c85349
_d85349